Statistics for Peugeot Car Models by Picture

Click here to take the quiz!

General Stats

  • This quiz has been taken 27 times
  • The average score is 9 of 14

Answer Stats

Answer% Correct
2008
96%
208
96%
206
92%
3008
92%
308
92%
307
88%
508
79%
108
71%
306
54%
408
50%
505
42%
202
33%
Expert
25%
Rifter
17%

Score Distribution

Percentile by Number Answered

Percent of People with Each Score

Your Score History

You have not taken this quiz